SVAR Description of ECB Monetary Policy Effects via Banking Sector in Individual EA Countries: Case of Slovenia

Konštrukcia modelu SVAR (štrukturálna vektorová autoregresia) pre jednotlivé krajiny eurozóny, ktorý zachytáva vplyvy nekonvenčných opatrení Európskej centrálnej banky; zakomponovanie bankového sektora umožňuje preskúmať vplyv menovej politiky na poskytovanie úverov. Aplikácia modelu na slovinskú ek...

Full description

Saved in:
Bibliographic Details
Main Author: Širaňová, Mária
Other Authors: Kotlebová, Jana, 1969-
Format: Book Chapter
Language:English
Subjects:
Tags: Add Tag
No Tags, Be the first to tag this record!

MARC

LEADER 00000naa a2200000 4500
001 0242333
005 20250311084048.4
041 0 |a eng 
044 |a GB 
245 1 0 |a SVAR Description of ECB Monetary Policy Effects via Banking Sector in Individual EA Countries: Case of Slovenia  |c Maria Siranova, Jana Kotlebova 
520 |a Konštrukcia modelu SVAR (štrukturálna vektorová autoregresia) pre jednotlivé krajiny eurozóny, ktorý zachytáva vplyvy nekonvenčných opatrení Európskej centrálnej banky; zakomponovanie bankového sektora umožňuje preskúmať vplyv menovej politiky na poskytovanie úverov. Aplikácia modelu na slovinskú ekonomiku po prijatí eura v roku 2007. Kvantitatívne uvoľňovanie, menový transmisný mechanizmus (MTM). 
610 2 0 |a bankovníctvo 
610 2 0 |a banky 
610 2 0 |a banky centrálne 
610 2 0 |a Európska centrálna banka 
610 2 0 |a politika menová 
610 2 0 |a trh úverový 
610 2 0 |a sadzby úrokové 
610 2 0 |a modely 
610 2 0 |a modely autoregresné 
610 2 0 |a Slovinsko 
610 2 0 |a kríza finančná 
610 2 0 |a eurozóna 
100 1 |a Širaňová, Mária 
700 1 |a Kotlebová, Jana, 1969-